000 01329cam a22003011 4500
001 gs 53000297
003 DLC
005 20260227111400.0
008 780519s1953 azu b 00010 eng c
010 _ags 53000297 //r894
040 _aU.S. Geol. Survey. Libr.
043 _an-us-az
050 0 _aZ6034.U5
_bA7
051 _aTN24.A6
_bA35 no. 161
_cCopy 2.
100 1 0 _aAnthony, John W.
_q(John Williams),
_d1920-
245 0 0 _aBibliography of the geology and mineral resources of Arizona, 1939-1952,
_cby John W. Anthony, Eldred D. Wilson, and Richard T. Moore.
260 0 _aTucson,
_bUniversity of Arizona,
_c1953.
300 _a62 p.
_c23 cm.
490 1 _aArizona. Bureau of Mines. Bulletin no. 161. Geological series, no. 20
500 _aUniversity of Arizona bulletin, v. 24, no. 1.
500 _a"Supplementing Arizona Bureau of Mines Bulletin no. 146 ... published in 1939."
650 0 _aGeology
_zArizona
_xBibliography.
650 0 _aMines and mineral resources
_zArizona
_xBibliography.
650 0 _aPaleontology
_zArizona
_xBibliography.
700 1 1 _aWilson, Eldred Dewey,
_d1898-
_tBibliography of the geology and mineral resources of Arizona.
830 0 _aBulletin (University of Arizona. State Bureau of Mines) ;
_vno. 161.
810 1 _aArizona.
_bState Bureau of Mines.
_tGeological series,
_vno. 20.
999 _c28790
_d28790